|
|
|
|
| LEADER |
01068cam a2200301 a 4500 |
| 001 |
c000223599 |
| 003 |
CARM |
| 005 |
20060908121922.0 |
| 008 |
751212s1975 enka b 001 0 eng |
| 010 |
|
|
|a 75330990
|
| 015 |
|
|
|a GB75-19645
|
| 019 |
1 |
|
|a 282752
|z 40254824
|5 LACONCORD2021
|
| 020 |
|
|
|a 0853346143 :
|c £12.00
|
| 035 |
|
|
|a (OCoLC)1976237
|5 LACONCORD2021
|
| 040 |
|
|
|a LC
|b eng
|c LC
|d LC
|
| 050 |
0 |
0 |
|a TA641
|b .G5
|
| 050 |
1 |
4 |
|a TA641
|b .G5
|
| 082 |
0 |
4 |
|a 624/.1/02854
|
| 100 |
1 |
|
|a Gibson, J. E.
|q (John Edward),
|d 1921-
|
| 245 |
1 |
0 |
|a Computing in structural engineering /
|c [by] J. E. Gibson.
|
| 260 |
|
|
|a London :
|b Applied Science Publishers,
|c 1975.
|
| 300 |
|
|
|a xv, 290 p. :
|b ill. ;
|c 23 cm.
|
| 500 |
|
|
|a Includes index.
|
| 504 |
|
|
|a Bibliography: p. 282-284.
|
| 650 |
|
0 |
|a Structural engineering
|x Data processing.
|
| 852 |
8 |
|
|b CARM
|h A2:AO26A0
|i B06467
|p 0313311
|f BK
|
| 999 |
f |
f |
|i 6ca903b5-60c4-5e57-b46c-19a8e19a8a58
|s 9b3402c2-5f3c-5ec9-b531-fb6a1bdf540d
|
| 952 |
f |
f |
|p Can circulate
|a CAVAL
|b CAVAL
|c CAVAL
|d CARM 1 Store
|e B06467
|f A2:AO26A0
|h Other scheme
|i book
|m 0313311
|